LDR 01300nam a2200265 i 4500 001 000000074013 003 CaOOAMICUS 005 20260423162935.0 008 070410s1983 it u000 u ita u 040 $aSeMil$bita 100 1 $aGebhart, Emilio.$0(OLS)http://semarc/name/36733 240 12$aL'Italie mystique :$bhistoire de la Renaissance religieuse au Moyen Age.$0(OLS)http://semarc/title/120080 245 12$aL'Italia mistica :$bstoria del Rinascimento religioso nel Medioevo /$cEmilio Gebhart ; introduzione di Cesare Vasoli. 264 1$aBari :$bLaterza & Figli,$c1983. 300 $aXLII, 192 p. ;$c19 cm. 490 1 $aUniversale Laterza ;$v628 650 4$aReligione - Italia - Medioevo.$0(OLS)http://semarc/subject/15104 650 4$aItalia - Storia religiosa - Medioevo.$0(OLS)http://semarc/subject/14903 700 1 $aVasoli, Cesare,$d<1924-2013>.$0(OLS)http://semarc/name/5546 830 0$aUniversale Laterza ;$v628.$0(OLS)http://semarc/title/6923 850 $aSeMil 852 $aSeMil$W1$xVenegono$y1$m3T I 100$j270815$B40165$CSeMilBibl$Z2$F40169 $81 996 $6245$aL'Italia mistica :$bstoria del Rinascimento religioso nel Medioevo$9(OLS)http://semarc/title/120079 996 $6264$aBari :$bLaterza & Figli$9(OLS)http://semarc/publisher/29663